| 000 | 01019nam a22002651u 4500 | ||
|---|---|---|---|
| 001 | 05816 | ||
| 003 | HDC | ||
| 007 | cr bn --- | ||
| 008 | 210121p xx fo d 00 engg | ||
| 040 | _aHDC | ||
| 110 | _aDEPARTMENT OF ISLAMIC DEVELOPMENT MALAYSIA | ||
| 245 | 0 |
_aHalal Certification for Logistics Provider: _b Principles of Shariah & the Integration with Food, Pharmaceuticals & Cosmetics _cby DEPARTMENT OF ISLAMIC DEVELOPMENT MALAYSIA |
|
| 260 |
_a[No place] : _b[publisher not identified] _c2011 |
||
| 300 |
_a22 pages : _bIllustrations |
||
| 336 |
_atext _2rdacontent |
||
| 337 |
_acomputer _2rdamedia |
||
| 338 |
_aonline resource _2rdacarrier |
||
| 650 |
_aHalal certification _9753 |
||
| 650 |
_aHalal industry _9144 |
||
| 650 |
_aHalal Pharmaceutical _94162 |
||
| 856 | _zRequest full-text at [email protected] | ||
| 942 | _2lcc | ||
| 942 | _cSLIDE | ||
| 942 | _kSLID 000615 | ||
| 999 |
_c3140 _d3140 |
||